Statystyki dla Polskie kanały o DSJ4 powyżej tysiąca subskrybcji

Kliknij tutaj aby rozwiązać quiz!

Ogólne statystyki

  • Ten quiz został rozwiązany 53 razy
    (49 od ostatniego zresetowania)
  • Średni wynik to 3 z 16

Statystyki odpowiedzi

MiejsceOdpowiedźLiczba subskrybcji% Poprawnych
1Kubikal65 000
98%
4Szymciu14 000
76%
8Szychu2400
44%
5Igzon4400
22%
5Fan Skoków2800
20%
3FGP Friends14 700
15%
7DSJ4 MCup2700
10%
9Kajakarz 5001900
7%
10KK1131800
5%
12Krzysiek Polowiec1500
5%
15Toomcio Zioomcio1300
5%
2keV!25 200
2%
11Gorisek Bros1700
0%
16NorbiXxl951100
0%
14Rzymdzio1400
0%
13Wojtek Schiller1400
0%

Rozkład punktacji

Percentyl według liczby udzielonych odpowiedzi

Procent ludzi z każdym wynikiem

Twoja historia wyników

Nie rozwiązałeś tego quizu od ostatniego zresetowania